Pedagogika Montessori - podstawy teoretyczne i twórcze inspiracje w praktyce : system pedagogiczny Marii Montessori w placówkach wychowania przedszkolnego i edukacji wczesnoszkolnej w Polsce i we Włoszech / Barbara Surma
Record details
- ISBN: 978-83-927276-0-6
- Physical Description: 220 s., [5] l. obr. příl. : barev. il.
- Edition: Wyd. 1.
- Publisher: Łódź : Palatum, 2008
Content descriptions
| Bibliography, etc. Note: | Obsahuje bibliografii a bibliografické odkazy |
Search for related items by subject
| Subject: | děti a mládež výchova a vzdělávání metoda Montessori Polsko |
| Genre: | studie |
Search for related items by series
Available copies
- 1 of 1 copy available at Common Catalog SPOK.
Holds
- 0 current holds with 1 total copy.
Show Only Available Copies
| Location | Call Number / Copy Notes | Barcode | Shelving Location | Status | Due Date |
|---|---|---|---|---|---|
| Montessori Library | KNI0153 | 4614600153 | Chodba | Available | - |
| LDR | 01317nam a22003733a 4500 | ||
|---|---|---|---|
| 001 | 45609 | ||
| 003 | CZ-PrJAB | ||
| 005 | 20191218123833.0 | ||
| 007 | ta | ||
| 008 | 120801s2008 pl ||| | pol d | ||
| 020 | . | ‡a978-83-927276-0-6 ‡q(brož.) | |
| 035 | . | ‡a(CZ PrSKC)0077694 | |
| 040 | . | ‡aOLD012 ‡bcze | |
| 072 | 7. | ‡a37 ‡xVýchova a vzdělávání ‡2Konspekt ‡922 | |
| 080 | . | ‡a371.4 ‡2MRF | |
| 080 | . | ‡a37.0 ‡2MRF | |
| 080 | . | ‡a316.346.32-053.2 ‡2MRF | |
| 080 | . | ‡a(438) ‡2MRF | |
| 080 | . | ‡a(048.8) ‡2MRF | |
| 100 | 1 | . | ‡aSurma, Barbara ‡4aut |
| 245 | 1 | 0. | ‡aPedagogika Montessori - podstawy teoretyczne i twórcze inspiracje w praktyce : ‡bsystem pedagogiczny Marii Montessori w placówkach wychowania przedszkolnego i edukacji wczesnoszkolnej w Polsce i we Włoszech / ‡cBarbara Surma |
| 250 | . | ‡aWyd. 1. | |
| 260 | . | ‡aŁódź : ‡bPalatum, ‡c2008 | |
| 300 | . | ‡a220 s., [5] l. obr. příl. : ‡bbarev. il. | |
| 490 | 1 | . | ‡aBiblioteka Montessori |
| 504 | . | ‡aObsahuje bibliografii a bibliografické odkazy | |
| 650 | 0 | 7. | ‡aděti a mládež ‡7ph119707 ‡2czenas |
| 650 | 0 | 7. | ‡avýchova a vzdělávání ‡7ph127419 ‡2czenas |
| 650 | 0 | 7. | ‡ametoda Montessori ‡7ph122781 ‡2czenas |
| 651 | 7. | ‡aPolsko ‡7ge130478 ‡2czenas | |
| 655 | 7. | ‡astudie ‡7fd133597 ‡2czenas | |
| 830 | 0. | ‡aBiblioteka Montessori | |
| 910 | . | ‡aABG323 ‡x0077694 ‡wl | |
| 901 | . | ‡a45609 ‡bCZ-PrJAB ‡c45609 ‡tbiblio | |